| 000 | 00686nam a2200181 i 4500 | ||
|---|---|---|---|
| 001 | 187739 | ||
| 003 | ES-MaACL | ||
| 005 | 20230906223022.0 | ||
| 008 | 180205s1941 xxk |||| | fre d | ||
| 100 | 1 |
_aHunt, Herbert J. _9164210 |
|
| 245 | 1 | 4 |
_aThe epic in nineteenth-century France _b: a study in heroic and humanitarian poetry from Les martyrs to Les siècles morts / _cby Herbert J. Hunt,... ; with a foreword by professor Gustave Rudler. |
| 260 |
_aOxford : _bB. Blackwell, _c1941. |
||
| 300 |
_aXIII, 446 p. ; _c22 cm. |
||
| 504 | _aBibliogr. p. [424]-439. | ||
| 650 | 4 |
_aPoesía francesa- _yS.XIX. _9140650 |
|
| 700 | 0 |
_aRudler, Gustave. _9100492 |
|
| 852 |
_aES-MaACL _jD-7783 |
||
| 999 |
_c187739 _d187739 |
||